Calypso cavalcade. Vol. 2.

Saved in:
Bibliographic Details
Format: Audio
Language:English
Published: Sounds of the Caribbean Records [19--?]
Subjects:
Tags: Add Tag
No Tags, Be the first to tag this record!
LEADER 01031njm a2200241K 4500
001 008317409-5
005 20060515113507.0
008 000301nuuuuuuuuxx zzn eng d
028 0 0 |a SLP 735  |b Sounds of the Caribbean Records 
035 0 |a ocn181921108 
040 |a HMU  |c HMU 
245 0 0 |a Calypso cavalcade.  |n Vol. 2.  |h [Sound recording] 
260 |b Sounds of the Caribbean Records  |c [19--?] 
300 |a 1 disc.  |b analog, 33 1/3 rpm, mono.  |c 12 in. 
505 0 |a Let's Go Calypso.--Take Me.--Mama Look at Booboo.--Cheek to Cheek.--The Policeman.--Donkey Half Fast Calypso.--Mabel.--Ugly Woman.--Concertina.--Women Will Rule the World.--Brittania Rules.--The Thermos Flask. 
511 0 |a Performed by the Charmer, Lord Invader, Young Kitchner, Macbeth, Lord Melody and others. 
650 0 |a Calypso (Music) 
650 0 |a Popular music  |z Trinidad and Tobago  |z Trinidad. 
650 0 |a Popular music  |z Caribbean Area. 
650 0 |a Music  |z Trinidad and Tobago  |z Trinidad. 
650 0 |a Music  |z Caribbean Area. 
988 |a 20020608 
906 |0 MH